[Event "World Rapid 2025"]
[Site "Doha QAT"]
[Date "2025.12.27"]
[Round "6.90"]
[White "Raja, Harshit"]
[Black "Can, Emre"]
[Result "1-0"]
[WhiteTitle "GM"]
[BlackTitle "GM"]
[WhiteElo "2472"]
[BlackElo "2541"]
[WhiteFideId "5089000"]
[BlackFideId "6302181"]
[EventDate "2025.12.26"]

1. e4 c5 2. Nf3 d6 3. d4 cxd4 4. Nxd4 Nf6 5. Nc3 Nc6 6. Bg5 Bd7 7. Qd2 Rc8 8.
O-O-O Nxd4 9. Qxd4 Qa5 10. f4 h6 11. Bxf6 gxf6 12. Kb1 Qc5 13. Qd3 h5 14. g3 f5
15. Bh3 Bg7 16. e5 O-O 17. Bxf5 Bxf5 18. Qxf5 dxe5 19. Qxh5 exf4 20. Qxc5 Rxc5
21. Nd5 e6 22. Nxf4 Rfc8 23. c3 b5 24. Rd7 a5 25. Rhd1 Bh6 26. Nd3 Rf5 27. g4
Rf3 28. g5 Bg7 29. h4 Rf5 30. Rg1 Rc4 31. h5 Rh4 32. h6 Bf8 33. g6 Rxh6 34.
gxf7+ Kh7 35. Re1 Kg7 36. Ne5 Rhh5 37. Nc6 Rh2 38. Rb7 b4 39. cxb4 a4 40. Ne5
Rff2 41. Rg1+ Kh7 42. Nd3 Rd2 43. Rd7 Rh3 44. Nf4 Rxd7 45. Nxh3 Bh6 46. Ng5+
Bxg5 47. Rxg5 Rxf7 48. b5 Rf4 49. a3 Rd4 50. b6 Rd7 51. Ra5 Rb7 52. Ra7 1-0

[Event "World Rapid 2025"]
[Site "Doha QAT"]
[Date "2025.12.27"]
[Round "6.91"]
[White "Pranesh, M"]
[Black "Kuandykuly, Danis"]
[Result "1-0"]
[WhiteTitle "GM"]
[BlackTitle "FM"]
[WhiteElo "2627"]
[BlackElo "2372"]
[WhiteFideId "35028600"]
[BlackFideId "13752260"]
[EventDate "2025.12.26"]

1. e4 e5 2. Nf3 Nc6 3. Nc3 Nf6 4. Bb5 Nd4 5. O-O Nxb5 6. Nxb5 a6 7. Nc3 d6 8. d4
exd4 9. Nxd4 Be7 10. Qf3 O-O 11. h3 Re8 12. b3 Nd7 13. Nd5 Bf6 14. Bb2 Be5 15.
Rab1 c6 16. Ne3 Qf6 17. Rfd1 Nc5 18. Qxf6 Bxf6 19. Nc4 Nxe4 20. f3 Ng3 21. Nxd6
Rd8 22. Nxc8 Raxc8 23. Kh2 Nf1+ 24. Rxf1 Bxd4 25. c4 Bxb2 26. Rxb2 Kf8 27. Kg3
Rd4 28. Re2 Re8 29. Rfe1 Rxe2 30. Rxe2 h5 31. Kf2 g6 32. Ke3 Rd7 33. h4 Kg7 34.
g4 hxg4 35. fxg4 f5 36. gxf5 gxf5 37. Rd2 Rf7 38. Kf4 Kg6 39. Rd6+ Kh5 40. Rd8
Kg6 41. Rg8+ Kf6 42. h5 Ke6 43. Rg6+ Ke7 44. h6 Kf8 45. Rg5 Rd7 46. Kxf5 Re7 47.
Rg2 c5 48. Rg6 Rf7+ 49. Rf6 1-0

[Event "World Rapid 2025"]
[Site "Doha QAT"]
[Date "2025.12.27"]
[Round "6.92"]
[White "Pantsulaia, Levan"]
[Black "Ezat, Mohamed"]
[Result "1-0"]
[WhiteTitle "GM"]
[BlackTitle "IM"]
[WhiteElo "2472"]
[BlackElo "2294"]
[WhiteFideId "13602071"]
[BlackFideId "10600906"]
[EventDate "2025.12.26"]

1. Nf3 Nf6 2. g3 g6 3. b3 Bg7 4. Bb2 O-O 5. Bg2 d6 6. d4 e5 7. dxe5 Nfd7 8. Qd2
Nc6 9. Nc3 Ndxe5 10. O-O-O a5 11. Nxe5 Nxe5 12. a4 Re8 13. h3 Nc6 14. e4 Nb4 15.
f4 Ra6 16. Kb1 Rc6 17. g4 Qh4 18. e5 Rc5 19. exd6 cxd6 20. Rhe1 Be6 21. f5 gxf5
22. gxf5 Rxf5 23. Bxb7 Rb8 24. Qxd6 Rxb7 25. Qd8+ Qxd8 26. Rxd8+ Bf8 1-0

[Event "World Rapid 2025"]
[Site "Doha QAT"]
[Date "2025.12.27"]
[Round "6.93"]
[White "Nikitenko, Mihail"]
[Black "Murzin, Volodar"]
[Result "1/2-1/2"]
[WhiteTitle "GM"]
[BlackTitle "GM"]
[WhiteElo "2476"]
[BlackElo "2648"]
[WhiteFideId "13506862"]
[BlackFideId "44155573"]
[EventDate "2025.12.26"]

1. d4 Nf6 2. c4 g6 3. Nc3 Bg7 4. g3 O-O 5. Bg2 d6 6. Nf3 c6 7. O-O Bf5 8. b3 Ne4
9. Bb2 Nxc3 10. Bxc3 Be4 11. e3 Nd7 12. Qe2 Nf6 13. Rfd1 e6 14. Bh3 Bxf3 15.
Qxf3 d5 16. Qe2 Ne4 17. Bb2 f5 18. Rac1 a5 19. Bg2 a4 20. Qc2 Qb6 21. Rb1 axb3
22. axb3 Ra2 23. c5 Qb4 24. Ra1 Rfa8 25. Bxe4 Rxa1 26. Rxa1 Rxa1+ 27. Bxa1 fxe4
28. Kf1 Qb5+ 29. Ke1 Kf7 30. Bc3 e5 31. Qb2 exd4 32. Bxd4 Bxd4 33. exd4 Qd3 34.
Qd2 Qf3 35. Qa5 Ke6 36. Qd8 1/2-1/2

[Event "World Rapid 2025"]
[Site "Doha QAT"]
[Date "2025.12.27"]
[Round "6.94"]
[White "Grandelius, Nils"]
[Black "Khubukshanov, Erdem"]
[Result "1-0"]
[WhiteTitle "GM"]
[BlackTitle "IM"]
[WhiteElo "2664"]
[BlackElo "2502"]
[WhiteFideId "1710400"]
[BlackFideId "54114527"]
[EventDate "2025.12.26"]

1. c4 Nf6 2. Nc3 c5 3. Nf3 Nc6 4. d4 cxd4 5. Nxd4 e6 6. Bf4 d6 7. Nxc6 bxc6 8.
e4 e5 9. Be3 Ng4 10. Bd2 f5 11. Be2 Nf6 12. Qa4 Bd7 13. exf5 Be7 14. O-O O-O 15.
Bg5 Qc8 16. Bf3 Rb8 17. Qxa7 Rf7 18. Bxf6 gxf6 19. Rad1 Bxf5 20. Bxc6 Rg7 21.
Bd5+ Kh8 22. Kh1 Rxb2 23. Qe3 Rc2 24. a4 Bd8 25. Nb5 Qb8 26. Be4 Bxe4 27. Qxe4
Ra2 28. Nxd6 Rxa4 29. Qc6 Raa7 30. Qe8+ Rg8 31. Nf7+ 1-0

[Event "World Rapid 2025"]
[Site "Doha QAT"]
[Date "2025.12.27"]
[Round "6.95"]
[White "Salem, A.R. Saleh"]
[Black "Balakrishnan, Praveen"]
[Result "1/2-1/2"]
[WhiteTitle "GM"]
[BlackTitle "GM"]
[WhiteElo "2635"]
[BlackElo "2507"]
[WhiteFideId "9301348"]
[BlackFideId "2064871"]
[EventDate "2025.12.26"]

1. d4 Nf6 2. c4 e6 3. Nc3 Bb4 4. a3 Bxc3+ 5. bxc3 b6 6. f3 Nc6 7. e4 Na5 8. Bd3
Ba6 9. Bg5 h6 10. Bh4 Bxc4 11. Bxc4 Nxc4 12. Qa4 Na5 13. Ne2 c6 14. c4 a6 15.
O-O b5 16. cxb5 axb5 17. Qb4 g5 18. Bg3 Nc4 19. Rfc1 Ra4 20. Qc5 Qe7 21. Nc3
Qxc5 22. dxc5 Ra5 23. a4 O-O 24. axb5 Rxa1 25. Rxa1 cxb5 26. Nxb5 Rc8 27. Bf2
Ne8 28. h4 Rb8 29. Nd4 f6 30. Ra7 Ne5 31. hxg5 hxg5 32. Bg3 Rb1+ 33. Kh2 Rd1 34.
Nb5 Nc6 35. Rb7 Rb1 36. Rb6 e5 37. Na7 Rxb6 38. cxb6 Nd6 39. Bf2 Kf7 40. Kh3 Ke6
41. Kg4 Na5 42. Kh5 Nab7 43. Kg6 g4 44. Bg1 gxf3 45. gxf3 f5 46. exf5+ Nxf5 47.
Kg5 Nfd6 48. Kg4 Kd5 49. Bh2 Nc4 50. Bg1 Ncd6 51. Bh2 Nc4 52. Bg1 Ncd6 1/2-1/2

[Event "World Rapid 2025"]
[Site "Doha QAT"]
[Date "2025.12.27"]
[Round "6.96"]
[White "Sadhwani, Raunak"]
[Black "Shogdzhiev, Roman"]
[Result "1-0"]
[WhiteTitle "GM"]
[BlackTitle "IM"]
[WhiteElo "2638"]
[BlackElo "2403"]
[WhiteFideId "35093487"]
[BlackFideId "55653537"]
[EventDate "2025.12.26"]

1. e4 e5 2. Nf3 Nc6 3. Bc4 Nf6 4. d3 Bc5 5. c3 d6 6. Bg5 h6 7. Bh4 a5 8. Nbd2
Ba7 9. a4 Qe7 10. O-O g5 11. Bg3 Nd7 12. Bb5 h5 13. h3 Nf8 14. d4 Ng6 15. d5 Bd7
16. dxc6 bxc6 17. Be2 g4 18. Kh1 gxf3 19. Nxf3 h4 20. Bh2 Qf6 21. Qd2 Ke7 22.
Ne1 Nf4 23. Bg4 Bxg4 24. hxg4 Rag8 25. f3 h3 26. g3 Ng2 27. Nc2 Qe6 28. Qe2 Qb3
29. Rfb1 Bc5 30. Bg1 Bxg1 31. Kxg1 Rb8 32. Kh2 Rb6 33. Qd2 Qc4 34. b4 axb4 35.
Rxb4 Rxb4 36. Nxb4 f6 37. a5 c5 38. Nd5+ Kf7 39. a6 c6 40. Nc7 Qb3 41. a7 Ne3
42. a8=Q Rxa8 43. Nxa8 Qb5 44. Kxh3 Nf1 45. Qf2 1-0

[Event "World Rapid 2025"]
[Site "Doha QAT"]
[Date "2025.12.27"]
[Round "6.69"]
[White "Ganguly, Surya Shekhar"]
[Black "Bai, Adelard"]
[Result "1/2-1/2"]
[WhiteTitle "GM"]
[BlackTitle "IM"]
[WhiteElo "2568"]
[BlackElo "2417"]
[WhiteFideId "5002150"]
[BlackFideId "16301188"]
[EventDate "2025.12.26"]

1. e4 c5 2. Nf3 Nc6 3. Bb5 Nf6 4. e5 Nd5 5. Nc3 Nc7 6. Bxc6 dxc6 7. Ne4 b6 8. d3
h6 9. O-O Bf5 10. Qe2 Ne6 11. a4 g5 12. a5 Bg7 13. h3 g4 14. Nh4 Nd4 15. Qd1
Bxe4 16. Qxg4 Bg6 17. Nxg6 fxg6 18. c3 Nb3 19. Qxg6+ Kd7 20. Qg4+ Kc7 21. axb6+
Kxb6 22. Be3 Nxa1 23. Bxc5+ Kb7 24. Qb4+ Kc8 25. Qg4+ Kb7 26. Qb4+ Kc8 27. Bxe7
Qd7 28. Bd6 Nc2 29. Qa4 Bf8 30. Bxf8 Rxf8 31. Qxc2 Rg8 32. d4 Kc7 33. Kh2 Qg7
34. Qe4 Qg6 35. Qxg6 Rxg6 36. f4 h5 37. f5 Rg5 38. f6 Kd7 39. b4 Ke6 40. Ra1
Rag8 41. Ra2 Rg3 42. c4 Rd3 43. Rxa7 Rd2 44. Re7+ Kf5 45. Rg7 Rf8 46. Rd7 Rg8
47. Rg7 Rf8 48. Rd7 h4 49. b5 c5 50. b6 Rxd4 51. Rc7 Rxc4 52. b7 Rb4 53. Rc8 Rf7
54. b8=Q Rxb8 55. Rxb8 Kxe5 56. Rh8 Rxf6 57. Rxh4 Kd5 58. Rh5+ Kd4 59. Rh8 Rc6
60. Rd8+ Ke3 61. g4 c4 62. Kg3 c3 63. Re8+ Kd3 64. Rd8+ Ke3 65. Re8+ Kd3 66.
Rd8+ Kc4 67. Rd1 c2 68. Rc1 Kd3 69. g5 Kd2 70. Rg1 c1=Q 71. Rxc1 Rxc1 72. Kf4
Rf1+ 73. Ke5 Rh1 74. g6 Rxh3 75. g7 Rg3 76. Kf6 Ke3 77. Kf7 Ke4 78. g8=Q Rxg8
79. Kxg8 1/2-1/2

[Event "World Rapid 2025"]
[Site "Doha QAT"]
[Date "2025.12.27"]
[Round "6.70"]
[White "Piliposyan, Robert"]
[Black "Akobian, Varuzhan"]
[Result "1-0"]
[WhiteTitle "IM"]
[BlackTitle "GM"]
[WhiteElo "2442"]
[BlackElo "2549"]
[WhiteFideId "13309978"]
[BlackFideId "13300580"]
[EventDate "2025.12.26"]

1. d4 e6 2. c4 f5 3. a3 Nf6 4. Nc3 d5 5. Bf4 c6 6. e3 Bd6 7. Nf3 O-O 8. Bd3 Ne4
9. Bxd6 Qxd6 10. Ne5 Nd7 11. f4 Nxe5 12. fxe5 Qe7 13. O-O Bd7 14. Rc1 Rac8 15.
Qe2 Qg5 16. Rf4 Be8 17. cxd5 cxd5 18. Bxe4 dxe4 19. Rff1 Bc6 20. Qd2 Qe7 21. Rc2
Rcd8 22. Na2 Bb5 23. Rfc1 Rd7 24. Rc8 Rxc8 25. Rxc8+ Rd8 26. Qb4 Qxb4 27. Rxd8+
Qf8 28. Rxf8+ Kxf8 29. Nc3 Bc4 30. Kf2 Kf7 31. g4 g5 32. Kg3 h6 33. h4 b6 34.
hxg5 hxg5 35. d5 Kg6 36. d6 Kf7 37. Nd1 Be2 38. Nf2 Bb5 39. b3 a5 40. Nh3 Kg6
41. Ng1 Kf7 42. a4 Bc6 43. Ne2 Bd7 44. Nd4 Bc8 45. Nb5 Bd7 46. Na3 Bc6 47. Nc4
Bd5 48. Nd2 Ke8 49. Nc4 Kd8 50. Kf2 Bxc4 51. bxc4 Kd7 52. Ke2 Kc6 53. Kd2 Kd7
54. Kc3 Kc6 55. Kd4 Kd7 56. gxf5 exf5 57. Kd5 g4 58. e6+ Ke8 59. d7+ Ke7 1-0

[Event "World Rapid 2025"]
[Site "Doha QAT"]
[Date "2025.12.27"]
[Round "6.71"]
[White "Morris, James"]
[Black "Najer, Evgeniy"]
[Result "1/2-1/2"]
[WhiteTitle "IM"]
[BlackTitle "GM"]
[WhiteElo "2422"]
[BlackElo "2619"]
[WhiteFideId "3205800"]
[BlackFideId "4118987"]
[EventDate "2025.12.26"]

1. e4 c5 2. Nf3 d6 3. d4 cxd4 4. Nxd4 Nf6 5. Nc3 a6 6. a4 g6 7. Be2 Bg7 8. Be3
O-O 9. a5 Nc6 10. Nxc6 bxc6 11. Bb6 Qe8 12. O-O Bb7 13. Re1 c5 14. e5 dxe5 15.
Bf3 e4 16. Nxe4 Nxe4 17. Bxe4 Bxe4 18. Rxe4 Bxb2 19. Rb1 Bd4 20. Qf3 Qa4 21. Rc1
Qa2 22. Qb3 Qb2 23. Qxb2 Bxb2 24. Rd1 Bf6 25. Rd7 Rfc8 26. Rc4 Rc6 27. Kf1 Rd6
28. Rc7 Rad8 29. R7xc5 Rd1+ 30. Ke2 R8d2+ 31. Kf3 Kg7 32. Rc6 Rd5 33. g3 g5 34.
h3 h5 35. R6c5 R5d2 36. Rc6 Rd5 37. R6c5 Rd7 38. Rc6 Ra1 39. Bc7 Ra3+ 40. Ke2 h4
41. Rxa6 hxg3 42. Bxg3 Rd5 43. h4 Raxa5 44. Rxa5 Rxa5 45. hxg5 Bxg5 46. Bf4 Bf6
47. Be3 Kg6 48. Kd3 e5 49. Ke4 Ra6 50. f4 exf4 1/2-1/2

[Event "World Rapid 2025"]
[Site "Doha QAT"]
[Date "2025.12.27"]
[Round "6.72"]
[White "Yakubboev, Nodirbek"]
[Black "Stribuk, Artiom"]
[Result "1-0"]
[WhiteTitle "GM"]
[BlackTitle "IM"]
[WhiteElo "2691"]
[BlackElo "2476"]
[WhiteFideId "14203987"]
[BlackFideId "13515659"]
[EventDate "2025.12.26"]

1. Nf3 d5 2. g3 g6 3. Bg2 Bg7 4. O-O e5 5. d3 Nc6 6. e4 dxe4 7. dxe4 Qxd1 8.
Rxd1 Bg4 9. c3 Nf6 10. Nbd2 O-O-O 11. Re1 Ne8 12. h3 Bd7 13. Nc4 Be6 14. Bf1 f6
15. Be3 Nd6 16. Nfd2 h5 17. b4 Bh6 18. Bxh6 Rxh6 19. h4 Rhh8 20. a4 Kb8 21. a5
Ne7 22. Nb2 Nb5 23. Nb1 c6 24. Na4 g5 25. hxg5 fxg5 26. Nc5 Bg4 27. a6 b6 28.
Nb7 Rd7 29. Bxb5 cxb5 30. Na3 h4 31. Re3 Ng6 32. Nxb5 hxg3 33. Rxg3 Rdh7 34.
Rxg4 Nf4 35. Rxf4 exf4 36. Kg2 g4 37. Rg1 Rh2+ 38. Kf1 g3 39. fxg3 f3 40. Nd4
Ra2 41. Nxf3 Rf8 42. Rg2 Rxf3+ 43. Kg1 Rxg2+ 44. Kxg2 Rxc3 45. Nd6 Rd3 46. Nf5
Kc7 47. g4 Kd7 48. g5 Ke6 49. g6 Rd8 50. Kf3 Rg8 51. g7 Ke5 52. b5 Kf6 53. Kf4
Rd8 54. e5+ Kf7 55. Kg5 Ke6 56. Nh6 1-0

[Event "World Rapid 2025"]
[Site "Doha QAT"]
[Date "2025.12.27"]
[Round "6.73"]
[White "Nguyen, Ngoc Truong Son"]
[Black "Averin, Nikolay"]
[Result "1/2-1/2"]
[WhiteTitle "GM"]
[BlackTitle "FM"]
[WhiteElo "2600"]
[BlackElo "2389"]
[WhiteFideId "12401110"]
[BlackFideId "24250473"]
[EventDate "2025.12.26"]

1. e4 Nf6 2. Nc3 d5 3. exd5 Nxd5 4. d4 c6 5. Nf3 Bg4 6. Be2 e6 7. Ne4 Nd7 8. O-O
Be7 9. c4 N5f6 10. Ng3 O-O 11. h3 Bxf3 12. Bxf3 Qc7 13. Re1 Rfe8 14. Be3 Rad8
15. Qa4 a6 16. Rad1 g6 17. b4 b5 18. Qxa6 Bxb4 19. Rf1 Nb8 20. Qa8 bxc4 21. Qa4
Qa5 22. Qxa5 Bxa5 23. Bg5 Kg7 24. Ne4 Nxe4 25. Bxd8 Rxd8 26. Bxe4 c3 27. Bc2 Na6
28. a3 Nc7 29. Ba4 Bb6 30. Rd3 Bxd4 31. Rfd1 c5 32. Rxc3 Ra8 33. Rc4 Nd5 34. Bc6
Rxa3 35. Rd2 h5 36. h4 Ne3 37. Rc1 Nf5 38. Kf1 Nxh4 39. Rb1 Nf5 40. Be4 Nd6 41.
Bd3 e5 42. Rb6 c4 43. Rxd6 cxd3 44. g3 Kf8 45. f4 Ra1+ 46. Kg2 e4 47. Rxd4 e3
48. R2xd3 e2 49. Re4 e1=Q 50. Rxe1 Rxe1 51. f5 Kg7 52. fxg6 fxg6 53. Rd5 Kh6 54.
Ra5 Re6 55. Kh3 Re3 56. Rb5 Re4 57. Ra5 Rg4 58. Rb5 Kg7 59. Rb7+ Kf6 60. Rb6+
Ke5 61. Rb5+ Ke4 62. Rb4+ Kf3 63. Rb3+ Kf2 64. Rb2+ Ke3 65. Rb3+ Ke2 66. Rb2+
Kd3 67. Rb3+ Kc4 68. Ra3 Kd5 69. Ra5+ Ke6 70. Ra6+ Kf5 71. Ra5+ Kf6 72. Ra6+ Kg5
73. Ra5+ Kh6 74. Ra6 Rg5 75. Rb6 Re5 76. Ra6 Kg5 77. Ra8 Kf5 78. Rf8+ Ke4 79. g4 1/2-1/2

[Event "World Rapid 2025"]
[Site "Doha QAT"]
[Date "2025.12.27"]
[Round "6.74"]
[White "Suleimen, Ergali"]
[Black "Gavrilescu, David"]
[Result "1/2-1/2"]
[WhiteTitle "IM"]
[BlackTitle "GM"]
[WhiteElo "2419"]
[BlackElo "2542"]
[WhiteFideId "13724452"]
[BlackFideId "1227190"]
[EventDate "2025.12.26"]

1. e4 c5 2. Nf3 e6 3. d4 cxd4 4. Nxd4 Nf6 5. Nc3 Nc6 6. a3 Be7 7. Be3 O-O 8. Be2
d6 9. Qd3 Bd7 10. f4 e5 11. Nxc6 bxc6 12. O-O exf4 13. Bxf4 Bg4 14. Kh1 Bxe2 15.
Nxe2 d5 16. exd5 Nxd5 17. Bg3 Bf6 18. c4 Ne7 19. Qc2 Qb6 20. Nc3 Ng6 21. Na4 Qd4
22. Rad1 Qg4 23. b3 Rad8 24. Nc5 h5 25. Ne4 Be7 26. h3 Rxd1 27. Rxd1 Qf5 28. b4
h4 29. Bh2 Re8 30. Re1 Rd8 31. Qe2 a5 32. Rf1 Qe6 33. bxa5 Ra8 34. Bc7 Ne5 35.
Nd2 Bd6 36. Bb6 c5 37. Ne4 Nxc4 38. Qf3 Rf8 39. Nxd6 Nd2 40. Qf5 Nxf1 41. Qxe6
Ng3+ 42. Kh2 fxe6 43. Bxc5 Rf1 44. Bg1 Rd1 45. Nb5 Nf1+ 46. Kh1 Ng3+ 47. Kh2
Nf1+ 48. Kh1 Ng3+ 1/2-1/2

[Event "World Rapid 2025"]
[Site "Doha QAT"]
[Date "2025.12.27"]
[Round "6.75"]
[White "Puranik, Abhimanyu"]
[Black "Ohanyan, Emin"]
[Result "1/2-1/2"]
[WhiteTitle "GM"]
[BlackTitle "GM"]
[WhiteElo "2622"]
[BlackElo "2493"]
[WhiteFideId "5061245"]
[BlackFideId "13312022"]
[EventDate "2025.12.26"]

1. d4 d5 2. Nf3 Nf6 3. e3 c5 4. c3 Nc6 5. Bd3 Bg4 6. Nbd2 e5 7. dxe5 Nxe5 8.
Bb5+ Bd7 9. Bxd7+ Nexd7 10. O-O Be7 11. Qc2 O-O 12. e4 dxe4 13. Nxe4 Qc7 14. Ng3
Rfe8 15. Nf5 Bf8 16. Bg5 Ne4 17. Bh4 Qf4 18. Ne3 Ne5 19. Nxe5 Qxe5 20. Rad1 Qe6
21. Nd5 Rac8 22. Rfe1 Qg6 23. Qa4 c4 24. Qd7 Qh5 25. Be7 Nc5 26. Bxc5 Rxe1+ 27.
Rxe1 Rxc5 28. Ne7+ Bxe7 29. Qxe7 h6 30. Qxb7 a5 31. h3 Qf5 32. Qe4 Qf6 33. Rd1
Rc8 34. Rd7 Rb8 35. Rd2 Qg5 36. Re2 Rxb2 37. Rxb2 Qc1+ 38. Kh2 Qxb2 39. Qxc4
Qxf2 40. a4 g6 41. Qe4 Kh7 42. Qe5 h5 43. c4 f6 44. Qc7+ Kh6 45. c5 g5 46. Qd6
g4 47. c6 Kg5 48. c7 Kh4 49. hxg4 hxg4 50. c8=Q g3+ 51. Qxg3+ Qxg3+ 52. Kh1 Qe1+
53. Kh2 Qe5+ 54. Kh1 Kg3 55. Qh3+ Kf2 56. Qf3+ Ke1 57. Qd3 f5 58. Kg1 f4 59.
Qf1+ Kd2 60. Qc4 Kd1 61. Qd3+ Ke1 62. Qf1+ Kd2 63. Qc4 Kd1 64. Qd3+ Kc1 65. Qc4+
Kd2 66. Qb5 Qd4+ 67. Kh2 Qh8+ 68. Kg1 Qd4+ 69. Kh2 Qh8+ 70. Kg1 Qc3 71. Kh2 Qg3+
72. Kh1 Qh4+ 73. Kg1 Qe1+ 74. Kh2 Qg3+ 75. Kh1 Qc3 76. Kh2 Ke1 77. Qb1+ Kf2 78.
Qa2+ Ke3 79. Qe6+ Kf2 80. Qa2+ Kf1 81. Qb1+ Kf2 1/2-1/2

[Event "World Rapid 2025"]
[Site "Doha QAT"]
[Date "2025.12.27"]
[Round "6.76"]
[White "Gaehwiler, Gabriel"]
[Black "Alexakis, Dimitris"]
[Result "0-1"]
[WhiteTitle "IM"]
[BlackTitle "GM"]
[WhiteElo "2382"]
[BlackElo "2544"]
[WhiteFideId "1314530"]
[BlackFideId "4277023"]
[EventDate "2025.12.26"]

1. e4 c5 2. Nf3 Nc6 3. d4 cxd4 4. Nxd4 e6 5. Nc3 Qc7 6. Be3 a6 7. Qf3 b5 8. Nxc6
Qxc6 9. O-O-O Bb7 10. Bd3 Nf6 11. e5 b4 12. Qxc6 Bxc6 13. exf6 bxc3 14. bxc3
gxf6 15. f3 h5 16. Kd2 Rg8 17. Rhg1 Bd6 18. g3 Ke7 19. Ke2 a5 20. Rb1 h4 21.
gxh4 Bxh2 22. Rh1 Rg2+ 23. Bf2 Rh8 24. Ke3 Bd6 25. Ke2 Bg3 26. Rbf1 Rxh4 27.
Rxh4 Bxh4 28. Ke3 Bxf2+ 29. Rxf2 Rxf2 30. Kxf2 Kd6 31. Ke3 Kc5 32. f4 f5 33. Be2
f6 34. Bh5 Bd5 35. a3 Kb5 36. Be8 Bc6 37. Kd4 e5+ 38. Ke3 Ka4 39. Bg6 Kxa3 40.
Bxf5 Kb2 41. fxe5 fxe5 0-1

[Event "World Rapid 2025"]
[Site "Doha QAT"]
[Date "2025.12.27"]
[Round "6.97"]
[White "Mendonca, Leon Luke"]
[Black "Grafl, Florian"]
[Result "1-0"]
[WhiteTitle "GM"]
[BlackTitle "IM"]
[WhiteElo "2615"]
[BlackElo "2343"]
[WhiteFideId "35028561"]
[BlackFideId "4645715"]
[EventDate "2025.12.26"]

1. d4 f5 2. c4 Nf6 3. Nc3 e6 4. a3 Be7 5. Nf3 O-O 6. Bf4 Ne4 7. Qc2 g5 8. Bd2 d5
9. h3 Bf6 10. Rd1 c6 11. g4 Nxd2 12. Rxd2 dxc4 13. h4 gxh4 14. Bh3 Bg5 15. Rd1
fxg4 16. Bxg4 Qe7 17. Ne4 h6 18. Rg1 Kh8 19. Nexg5 hxg5 20. Ne5 Qf6 21. Ng6+ Kg7
22. Nxf8 Qxf8 23. Qxc4 Qf6 24. Bh3 Na6 25. Qc1 Kh6 26. Rd3 Bd7 27. Rf3 Qg6 28.
Rf4 Kg7 29. Rfg4 1-0

[Event "World Rapid 2025"]
[Site "Doha QAT"]
[Date "2025.12.27"]
[Round "6.98"]
[White "Krallis, Christos"]
[Black "Murshed, Niaz"]
[Result "1-0"]
[WhiteTitle "IM"]
[BlackTitle "GM"]
[WhiteElo "2416"]
[BlackElo "2341"]
[WhiteFideId "4298896"]
[BlackFideId "10200010"]
[EventDate "2025.12.26"]

1. e4 e5 2. Nf3 Nc6 3. Bc4 Bc5 4. d3 Nf6 5. O-O d6 6. c3 O-O 7. Bb3 a6 8. h3 h6
9. Re1 Ba7 10. Nbd2 Ne7 11. Nf1 Ng6 12. Ng3 Re8 13. d4 Bd7 14. Be3 exd4 15. Nxd4
Nh4 16. Bc2 Qc8 17. Kh2 Re7 18. Qd3 Qe8 19. f4 Ng6 20. Bd2 Bxd4 21. cxd4 Bc6 22.
e5 dxe5 23. fxe5 Nd5 24. Nf5 Re6 25. Qg3 Nde7 26. Rf1 Rd8 27. Qf2 Nxf5 28. Bxf5
Re7 29. Bb4 Re6 30. Rac1 Bd5 31. Bxe6 Bxe6 32. Rxc7 Qb5 33. Bd6 Bxa2 34. h4 Bd5
35. h5 Nh4 36. Be7 Bxg2 1-0

[Event "World Rapid 2025"]
[Site "Doha QAT"]
[Date "2025.12.27"]
[Round "6.99"]
[White "Tran, Thanh Tu"]
[Black "Drygalov, Sergey"]
[Result "1-0"]
[WhiteTitle "IM"]
[BlackTitle "GM"]
[WhiteElo "2402"]
[BlackElo "2571"]
[WhiteFideId "12401404"]
[BlackFideId "24171743"]
[EventDate "2025.12.26"]

1. d4 Nf6 2. Nc3 d5 3. Bf4 a6 4. e3 e6 5. h4 c5 6. g4 Qb6 7. g5 Qxb2 8. Nge2
Nfd7 9. Rb1 Qa3 10. Bg2 Nc6 11. Bc7 c4 12. e4 Bb4 13. Rh3 Ba5 14. Bxa5 Qxa5 15.
exd5 exd5 16. Re3+ Kf8 17. Nf4 g6 18. Bxd5 Nb6 19. Qf3 Nxd5 20. Nxd5 Bf5 21.
Rxb7 Kg7 22. h5 Rhf8 23. h6+ Kh8 24. Qf4 Rad8 25. Ne7 Nxd4 26. Kf1 f6 27. Ned5
Ne6 28. Rxe6 Bxe6 29. Nxf6 Rf7 30. Rb8 Rff8 31. Qd4 Bh3+ 1-0

[Event "World Rapid 2025"]
[Site "Doha QAT"]
[Date "2025.12.27"]
[Round "6.100"]
[White "Oro, Faustino"]
[Black "Sapenov, Daniyal"]
[Result "1-0"]
[WhiteTitle "IM"]
[BlackTitle "IM"]
[WhiteElo "2503"]
[BlackElo "2440"]
[WhiteFideId "20000197"]
[BlackFideId "13728911"]
[EventDate "2025.12.26"]

1. Nf3 Nf6 2. c4 e6 3. Nc3 d5 4. e3 Bd6 5. b3 O-O 6. Bb2 Nc6 7. Be2 a6 8. O-O b6
9. Rc1 Bb7 10. d4 dxc4 11. bxc4 e5 12. d5 Nb8 13. Nd2 Nbd7 14. Nce4 Nxe4 15.
Nxe4 Be7 16. Nd2 f5 17. e4 Bd6 18. exf5 Nc5 19. Bg4 Qg5 20. Ba3 Qh6 21. Bxc5
Bxc5 22. Ne4 Bd4 23. Qf3 Rad8 24. Rb1 Bc8 25. g3 b5 26. cxb5 axb5 27. Rfc1 Bb7
28. Rxc7 Qb6 29. Rbc1 Bxd5 30. f6 gxf6 31. Qf5 Bxe4 32. Qxe4 f5 33. Bxf5 Bxf2+
34. Kg2 Qh6 35. Rxh7 Qf6 1-0

[Event "World Rapid 2025"]
[Site "Doha QAT"]
[Date "2025.12.27"]
[Round "6.101"]
[White "Nurgaliyev, Sauat"]
[Black "Rodrigue-Lemieux, Shawn"]
[Result "1/2-1/2"]
[WhiteTitle "IM"]
[BlackTitle "GM"]
[WhiteElo "2437"]
[BlackElo "2517"]
[WhiteFideId "13726285"]
[BlackFideId "2620049"]
[EventDate "2025.12.26"]

1. e4 c5 2. Nf3 e6 3. d4 cxd4 4. Nxd4 Nc6 5. Nc3 Bc5 6. Nb3 Bb4 7. Bd3 Nge7 8.
O-O O-O 9. Bd2 e5 10. Nd5 Bxd2 11. Qxd2 d6 12. Bc4 Nxd5 13. Bxd5 Qc7 14. Qc3 Bd7
15. Rad1 Rac8 16. Nd2 b5 17. Nf3 Bg4 18. Bxc6 Qxc6 19. Qxc6 Rxc6 20. c3 Rb8 21.
Rd2 Kf8 22. h3 Be6 23. Rfd1 Ke7 24. Ng5 Bd7 25. Nf3 f6 26. Ne1 b4 27. cxb4 Rxb4
28. f3 Rbc4 29. b3 Rc3 30. Rd5 R3c5 31. Kf2 a5 32. Ke3 Be6 33. Rxc5 Rxc5 34. Kd2
d5 35. Nd3 Rb5 36. exd5 Rxd5 37. Ke3 Kd6 38. Rc1 Rd4 39. f4 Bf5 40. fxe5+ fxe5
41. Nb2 Re4+ 42. Kf3 Rf4+ 43. Ke3 Re4+ 44. Kf3 Rf4+ 45. Ke3 Re4+ 1/2-1/2

[Event "World Rapid 2025"]
[Site "Doha QAT"]
[Date "2025.12.27"]
[Round "6.102"]
[White "Aziz, Husain"]
[Black "Bharath, Subramaniyam H"]
[Result "1/2-1/2"]
[WhiteTitle "IM"]
[BlackTitle "GM"]
[WhiteElo "2256"]
[BlackElo "2576"]
[WhiteFideId "12100293"]
[BlackFideId "46634827"]
[EventDate "2025.12.26"]

1. d4 Nf6 2. Nf3 e6 3. Bf4 d5 4. e3 c5 5. Nbd2 Nc6 6. c3 cxd4 7. exd4 Nh5 8. Be3
Bd6 9. Bd3 Nf4 10. Bxf4 Bxf4 11. g3 Bd6 12. O-O O-O 13. Re1 Bd7 14. Rc1 Rb8 15.
b4 Kh8 16. a3 a5 17. h4 axb4 18. axb4 Rc8 19. Kg2 f6 20. h5 e5 21. b5 Na5 22.
dxe5 fxe5 23. Nxe5 Qf6 24. f4 Bxe5 25. Rxe5 Qd6 26. h6 gxh6 27. Qh5 Rg8 28. Rxd5
Qxf4 29. Qe5+ Qxe5 30. Rxe5 Rg5 31. Nf3 Rg7 32. Re3 Nb3 33. Rce1 Nc5 34. Bc4 Rf8
35. Ne5 Be8 36. Rh1 h5 37. Be2 Rg5 38. c4 Bg6 39. Bf3 Be4 40. Bxe4 Rxe5 41. Rhe1
Rfe8 42. Kf3 Rf8+ 43. Kg2 Rfe8 44. Kf3 Kg7 45. Bd5 Rxe3+ 46. Rxe3 Rxe3+ 47. Kxe3
b6 48. Bf3 Kf6 49. Kd4 Ke6 50. Bxh5 Kd6 51. Bg4 Nb3+ 52. Kc3 Nc5 53. Kd4 Nb3+
54. Kc3 Nc5 1/2-1/2